00909nab a2200253uuc4500001000800000005001700008008004100025035001200066040001300078041000800091100005300099245006900152260001000221650004000231650004600271650004000317650004300357650005800400650004000458650003100498773009700529942001000626999001900636136520920240828085959.0140402s2012 spa  a1365209 ccomduadb aspa10aHernández Pedrero, Rosalía4auteaut969435213aLa vestimenta indígena : una manifestación cultural mexicana c2012. 7aIndígenas de México2lemb92636 7aIndígenas de MéxicovArte2lemb92282 aIndigenas de Mexico - Cultura92957 aIndigenas de Mexico - Industrias93066 aIndigenas de Mexico - Vida social y costumbres941965 aVestidos y adornos indigenas979222 aVestidos - Historia9500080 tTemas de Nuestra América (Heredia)g2012 (Numero extraordinario), 151-160w11490820510009 cARIMP c679370d679370